Štruktúrne aspekty vývozu zo Slovenska bakalárska práca

Na minha lista:
Detalhes bibliográficos
Autor principal: Vu Mai, Linh
Autor Corporativo: Národohospodárska fakulta EU. Katedra hospodárskej politiky
Outros Autores: Fifeková, Elena
Formato: Livro
Idioma:eslovaco
Publicado em: Bratislava 2015
Tags: Adicionar Tag
Sem tags, seja o primeiro a adicionar uma tag!

MARC

LEADER 00000nbm a2200000 4500
001 0205088
005 20161212095022.2
041 0 |a slo 
044 |a SK 
245 1 0 |a Štruktúrne aspekty vývozu zo Slovenska  |b bakalárska práca  |c Linh Vu Mai ; školiteľ: Elena Fifeková 
264 1 |a Bratislava  |c 2015 
300 |a 50 s. 
100 1 |a Vu Mai, Linh 
700 1 |a Fifeková, Elena 
710 2 |a Národohospodárska fakulta EU. Katedra hospodárskej politiky